000 00394nam a2200145Ia 4500
008 231129s1996||||xx |||||||||||||| ||spa||
020 _a958-33-0356-9
040 _bspa
082 _a179.9 Y679t
100 _aYounes Jerez Simon
245 0 _aTolerancia y democracia
260 _c1996
264 _a[Bogotá] Colombia : Gold Print
942 _2ddc
_cBKS
999 _c25489
_d25489